000 00482cam a2200193ua 4500
001 555
008 110407n ii |||gr||||Z||||||eng
040 _cMAIN
082 _a327
245 1 _aInternational relations
_cby Rama S. Melkote
250 _a1st.
260 _a[s.l]:
_bSterling,982.
300 _axi, 404p:
_c25cm.
653 _aPolitical science
653 _aInternational relations
700 _aMelkote, Rama S.,
_eAuthor.
700 _aRao, A. Narasimha.
942 _cBK
999 _c492
_d492